000 01301nam a2200337 a 4500
001 000013559
005 20241015091655.0
008 091125s2009 dr 001 0 spa d
020 _a9789993495390
040 _aDO-SdBNP
_bspa
_cBNPHU
082 _a346.0433
_bR426L
110 1 _aRepública Dominicana.
_9447
240 1 2 _a[Leyes, etc.]
245 1 0 _aLey 5038 de 1958 sobre condominios :
_bcomentada, anotada y concordada con la Ley 108-05 de registro inmobiliario, con su formulario /
_cFabio J. Guzmán Ariza ; prólogo Pedro Romero Confesor.
260 _aSanto Domingo,
_c2009.
300 _a159 p. ;
_c23 cm.
490 1 _aGaceta Judicial
490 1 _aLeyes anotadas
504 _aBibliografía: p. 153-155
590 _aInventariado, 2018/LP
650 4 _aEdificios de apartamentos
_xLegislación
_930892
650 4 _aAreas residenciales
_xLegislación
_930893
650 4 _aBienes raices
_xLegislación
_914523
651 4 _aRepública Dominicana
_xLey 5038-58
_930894
651 4 _aRepública Dominicana
_xLey 108-05
_930895
700 1 2 _aGuzmán A., Fabio J.
_q(Fabio José Guzmán Ariza),
_d1949-
_930896
700 1 2 _aRomero Confesor, Pedro,
_epról.
_911841
830 0 _aGaceta Judicial
_91292
830 0 _aLeyes anotadas
_98399
910 _aValidado. Control de calidad EMS
999 _c13181
_d13181